Medzinárodné organizácie a ich vplyv na odstraňovanie chudoby diplomová práca

Saved in:
Bibliographic Details
Main Author: Pajdušáková, Zuzana
Corporate Author: Fakulta medzinárodných vzťahov EU. Katedra medzinárodných ekonomických vzťahov a hospodárskej diplomacie
Other Authors: Lysák, Ladislav
Format: Book
Language:Slovak
Published: Bratislava 2011
Tags: Add Tag
No Tags, Be the first to tag this record!

MARC

LEADER 00000nbm a2200000 4500
001 0131039
005 20161109101643.2
041 0 |a slo 
044 |a SK 
245 1 0 |a Medzinárodné organizácie a ich vplyv na odstraňovanie chudoby  |b diplomová práca  |c Zuzana Pajdušáková ; školiteľ: Ladislav Lysák 
264 1 |a Bratislava  |c 2011 
300 |a 82 s. 
100 1 |a Pajdušáková, Zuzana 
700 1 |a Lysák, Ladislav 
710 2 |a Fakulta medzinárodných vzťahov EU. Katedra medzinárodných ekonomických vzťahov a hospodárskej diplomacie